Normal view
MARC view
- Aventuras y aventureros
Entry Materia
Number of records used in: 106
001 - NÚMERO DE CONTROL DEL REGISTRO
- campo de control: 4121
003 - IDENTIFICADOR DE NUMERO DE CONTROL
- campo de control: UPN
005 - FECHA Y HORA DE LA ÚLTIMA TRANSACCIÓN
- campo de control: 20220610132413.0
008 - DATOS DE LONGITUD FIJA
- campo de control de longitud fija: 220610nn acannaabn n ana d
035 ## - NÚMERO DE CONTROL DEL SISTEMA
- Número de control del sistema: UPN10000004121
040 ## - FUENTE DE LA CATALOGACIÓN
- Lengua de catalogación: SPA
- Agencia de transcripción: UPN
- Centro catalogador de origen: UPN
046 ## - FECHAS CON CODIFICACIÓN ESPECIAL
- Fecha final para contenidos agregados: 2022
150 ## - ENCABEZAMIENTO - TEMÁTICO
- Término de materia o nombre geográfico como elemento inicial: Aventuras y aventureros
450 ## - VÉASE - MATERIA
- Encabezamiento temático: Aventuras
450 ## - VÉASE - MATERIA
- Encabezamiento temático: Aventureros
670 ## - FUENTE EN LA QUE SE LOCALIZARON DATOS
- Cita de la fuente: E/P
902 ## - CATALOGADOR
- Catalogador: JMG/030697
